|
|
|
|
| LEADER |
00000naa2a2200000 4500 |
| 001 |
611389 |
| 005 |
20231101132644.0 |
| 035 |
|
|
|a (RuTPU)RU\TPU\conf\9140
|
| 035 |
|
|
|a RU\TPU\conf\9136
|
| 090 |
|
|
|a 611389
|
| 100 |
|
|
|a 20150310d2012 k y0rusy50 ca
|
| 101 |
0 |
|
|a rus
|d eng
|
| 102 |
|
|
|a RU
|
| 105 |
|
|
|a y z 100zy
|
| 135 |
|
|
|a drgn ---uucaa
|
| 181 |
|
0 |
|a i
|
| 182 |
|
0 |
|a b
|
| 200 |
1 |
|
|a JQuery-редактор, взаимодействующий с семантическими хранилищами посредством WCF
|f В. А. Фандеев
|
| 203 |
|
|
|a Текст
|c электронный
|
| 215 |
|
|
|a 1 файл (573 Кб)
|
| 225 |
1 |
|
|a Интеллектуальные системы и технологии
|
| 230 |
|
|
|a Электронные текстовые данные (1 файл : 573 Кб)
|
| 300 |
|
|
|a Заглавие с титульного листа.
|
| 320 |
|
|
|a [Библиогр.: с. 157 (4 назв.)]
|
| 330 |
|
|
|a This article describes the creating of convenient tool for interacting with semantic storages and allowing operator create, edit and remove data, which is stored in semantic database with help of WCF technology.
|
| 337 |
|
|
|a Adobe Reader
|
| 463 |
|
1 |
|0 (RuTPU)RU\TPU\conf\61
|t Технологии Microsoft в теории и практике программирования
|o сборник трудов IX Всероссийской научно-практической конференции студентов, аспирантов и молодых ученых, 21-22 марта 2012 г., г.Томск
|f Национальный исследовательский Томский политехнический университет (ТПУ), Институт кибернетики ; отв. ред. А. Р. Вахитов
|v [С. 155-157]
|d 2012
|
| 610 |
1 |
|
|a электронный ресурс
|
| 610 |
1 |
|
|a труды учёных ТПУ
|
| 610 |
1 |
|
|a jQuery
|
| 610 |
1 |
|
|a семантические хранилища
|
| 610 |
1 |
|
|a WCF
|
| 610 |
1 |
|
|a графы
|
| 610 |
1 |
|
|a триплеты
|
| 610 |
1 |
|
|a веб-сервисы
|
| 610 |
1 |
|
|a субъекты
|
| 610 |
1 |
|
|a объекты
|
| 610 |
1 |
|
|a предикаты
|
| 700 |
|
1 |
|a Фандеев
|b В. А.
|
| 712 |
0 |
2 |
|a Национальный исследовательский Томский политехнический университет (ТПУ)
|c (2009- )
|2 stltpush
|3 (RuTPU)RU\TPU\col\15902
|
| 801 |
|
2 |
|a RU
|b 63413507
|c 20150310
|g RCR
|
| 856 |
4 |
|
|u http://www.lib.tpu.ru/fulltext/c/2012/C28/057.pdf
|
| 942 |
|
|
|c BK
|